| 000 | 00651nam a22001937a 4500 | ||
|---|---|---|---|
| 005 | 20240802143452.0 | ||
| 010 | _aENG-137486 | ||
| 020 |
_c655.00 _a9789355301871 |
||
| 035 | _aEN-122121 | ||
| 037 | _bDBAD/PUB | ||
| 082 | _a181.432 | ||
| 100 |
_aTamilselvi.,K _969320 |
||
| 245 |
_aYOGA MODEL Q&A, _bNATIONAL TESTING ANGENY ( NTA) UGC - NET/ _cMrs.K. Tamilselvi., and Dr.V. Duraisami., |
||
| 250 | _a1 | ||
| 260 |
_aKanchipuram _bKANCHI YOGA VIDHYALAYA PUBLICATIONS _c2022 |
||
| 270 |
_bKanchipuram _aNo. 72/161, S.V.N street, Kanchipuram _e631502 _k7010798108 |
||
| 300 |
_a408vpp. _c28cm(pbk) |
||
| 942 |
_2ddc _cEN _h181.432 _mTAM |
||
| 999 |
_c204751 _d204751 |
||